000
00271nam a22001097a 4500
999
_c
15751
_d
15751
003
OSt
008
190926b ||||| |||| 00| 0 eng d
082
_a
691.096
_b
RAO/AP
100
_a
Rao,Madhava.
_9
4290
245
_a
Approprite technologies for low cost housing
942
_c
BK